Normal view MARC view

Entry Topical Term

Number of records used in: 1

001 - CONTROL NUMBER

  • control field: 40991

003 - CONTROL NUMBER IDENTIFIER

  • control field: OSt

005 - DATE AND TIME OF LATEST TRANSACTION

  • control field: 20231013105636.0

008 - FIXED-LENGTH DATA ELEMENTS

  • fixed length control field: 231013|| aca||aabn | a|a d

040 ## - CATALOGING SOURCE

  • Original cataloging agency: OSt
  • Transcribing agency: OSt

150 ## - HEADING--TOPICAL TERM

  • Topical term or geographic name entry element: Urbanisation, Impact on resources, Land degradation, Pollution, Pollution Standards, Environmentally responsible behavior.

670 ## - SOURCE DATA FOUND

  • Source citation: Work cat.: (OSt): Dhote, Meenakshi 40990, Urban pollution: Case for encouraging environmentally responsible behavior

Powered by Koha